00299nam a2200097Ia 4500008004100000245006300041245002000104260000900124650002000133856004800153171204s9999 xx 000 0 und d aPerl Power!: A JumpStart Guide to Programming with Perl 5: cMichael Schilli c2013 xProgramming 1-2 uhttp://down.ebook777.com/046/0201360683.pdf